00929cam a22002771 4500001001300000003000400013005001700017008004100034010001700075035001900092040005100111042001200162050001900174070002100193086001600214100003600230245007600266260002900342300002200371490008800393500001800481500005600499650005500555740002600610999001500636agr38000509 DLC20260227110957.0820209s1938 dcu b 000 0 eng c aagr38000509  a(OCoLC)8140930 aU.S. Dept. of Agr. LibrarycVidVidOCoLCdDLC apremarc00aZ5075.U5bE2270 a1.9L61Bibno. 330 aA 17.8:no.31 aEdwards, Everett Eugene,d1900-10aReferences on American colonial agriculture.cBy Everett E. Edwards ... aWashington, D.C.,c1938. av, 101 p.c27 cm.0 aUnited States. Dept. of Agriculture. Library. Bibliographical contributionsvno. 33 aMimeographed. aContribution from Bureau of Agricultural Economics. 0aAgriculturezUnited StatesxHistoryvBibliography.0 aColonial agriculture. c9885d9885